Qué es la informática jurídica (Record no. 98878)

MARC details
000 -LEADER
fixed length control field 00716nam a22001937a 4500
005 - DATE AND TIME OF LATEST TRANSACTION
control field 20250716094345.0
008 - FIXED-LENGTH DATA ELEMENTS--GENERAL INFORMATION
fixed length control field 150825b ag ||||| |||| 00| 0 spa d
020 ## - INTERNATIONAL STANDARD BOOK NUMBER
International Standard Book Number 9502006550
050 04 - LIBRARY OF CONGRESS CALL NUMBER
Classification number KHA152
Item number F35 1992
100 1# - MAIN ENTRY--PERSONAL NAME
Personal name Falcón, Enrique M.
245 10 - TITLE STATEMENT
Title Qué es la informática jurídica
Remainder of title : del abaco al derecho informático
Statement of responsibility, etc / Enrique M. Falcón.
246 10 - VARYING FORM OF TITLE
Title proper/short title ¿Qué es la informática jurídica?
Remainder of title : del abaco al derecho informático
250 ## - EDITION STATEMENT
Edition statement 1a ed.
260 ## - PUBLICATION, DISTRIBUTION, ETC. (IMPRINT)
Place of publication, distribution, etc Buenos Aires, Argentina :
Name of publisher, distributor, etc Abeledo-Perrot,
Date of publication, distribution, etc 1992
300 ## - PHYSICAL DESCRIPTION
Extent 197 p. :
Other physical details il. ;
Dimensions 23 cm.
500 ## - GENERAL NOTE
General note Incluye índice
650 #7 - SUBJECT ADDED ENTRY--TOPICAL TERM
Source of heading or term lemb
Topical term or geographic name as entry element Sistemas de almacenamiento y recuperación de información
Geographic subdivision Argentina
942 ## - ADDED ENTRY ELEMENTS (KOHA)
Source of classification or shelving scheme Biblioteca del Cogreso de los Estados Unidos
Koha item type Libro
Holdings
Estado de pérdida Fuente de clasificación Estado del daño No para préstamo Ubicación permanente Ubicación actual Apartado o colección Fecha de adquisición Edición Área del conocimiento Clasificación Código de Barras Date last seen Número de copia Costo por reposición Tipo de recurso
  Biblioteca del Cogreso de los Estados Unidos     Biblioteca de la Facultad de Derecho y Ciencias Sociales "Felipe J. Tena" Biblioteca de la Facultad de Derecho y Ciencias Sociales "Felipe J. Tena" General 25/08/2015 1a ed. Ciencias Sociales y Administrativas KHA152 F35 1992 BFD000006816 25/08/2015 1 1.00 Libro